000
00297nam a2200133Ia 4500
100
_a
Chitode/J.S
942
_c
BK
654
_a
Communication
245
_a
Principles of digital communication
260
_b
Tech Publication
_c
2003
082
_a
621.382
_b
CHI
300
_a
704
546
_a
ENGLISH
999
_c
24298
_d
24298